Statistiques concernant Saint Seiya - Chevaliers d'or (The Next Dimension)

Cliquez ici pour prendre le quiz!

Statistiques générales

  • Ce quiz a été pris 30 fois
  • Le résultat moyen est 6 sur 10

Statistiques - réponses

ConstellationsNoms% Correct
BélierShion
100%
BalanceDohko
86%
GémeauxCain
66%
TaureauOx
62%
GémeauxAbel
59%
ViergeShijima
59%
CancerDeathtoll
55%
CapricorneIzo
48%
PoissonsCardinale
45%
LionKeyser
0%

Distribution des résultats

Percentile par nombre de réponses

% des personnes avec chaque résultat

Votre développement - résultats

Vous n’avez pas pris ce quiz